[Event "ChessKid Cup Div 3 L"]
[Site "chess.com INT"]
[Date "2023.05.22"]
[Round "1.1"]
[White "Sasikiran, Krishnan"]
[Black "Terry, Renato"]
[Result "1/2-1/2"]
[WhiteTitle "GM"]
[BlackTitle "IM"]
[WhiteElo "2604"]
[BlackElo "2520"]
[WhiteFideId "5004985"]
[BlackFideId "3803457"]
[EventDate "2023.05.22"]
[EventType "k.o."]

1. d4 e6 2. e4 d5 3. Nc3 Nf6 4. e5 Nfd7 5. f4 c5 6. Nf3 Nc6 7. Be3 Be7 8. Qd2
O-O 9. Bd3 f6 10. exf6 Bxf6 11. Bb5 cxd4 12. Nxd4 Bxd4 13. Bxd4 a6 14. Ba4 Nxd4
15. Qxd4 Qf6 16. Qxf6 Rxf6 17. g3 b5 18. Bb3 Bb7 19. O-O-O Nc5 20. Ne2 Re8 21.
Rhe1 Rh6 22. h4 Rg6 23. c3 Nxb3+ 24. axb3 e5 25. fxe5 Rge6 26. Nd4 Rxe5 27. Rxe5
Rxe5 28. Kd2 Bc8 29. Re1 Rxe1 30. Kxe1 Kf7 31. Kf2 Kf6 32. Ke3 Bd7 33. b4 Ke5
34. Nb3 Kf5 35. Nc5 Bc8 36. Kf3 h5 37. Nb3 Ke5 38. Nd4 Bd7 39. Ke3 Bc8 40. Ne2
Kf5 41. Nf4 Kg4 42. Kf2 Bb7 43. Ne6 g6 44. Nc5 Bc8 45. Nd3 Kf5 46. Nc5 Kg4 47.
Nb3 Kf5 48. Nd2 Kg4 49. Nf1 Kf5 50. Kf3 Bb7 51. Ke3 Kg4 52. Kf2 Kf5 53. Nd2 Kg4
54. Nf3 Kf5 55. Nd4+ Ke4 56. Ke2 Bc8 57. Kd2 Bd7 58. Ke2 Bg4+ 59. Kd2 Bd7 60.
Ke2 Bg4+ 61. Kd2 Bd7 1/2-1/2

[Event "ChessKid Cup Div 3 L"]
[Site "chess.com INT"]
[Date "2023.05.22"]
[Round "1.2"]
[White "Terry, Renato"]
[Black "Sasikiran, Krishnan"]
[Result "1-0"]
[WhiteTitle "IM"]
[BlackTitle "GM"]
[WhiteElo "2520"]
[BlackElo "2604"]
[WhiteFideId "3803457"]
[BlackFideId "5004985"]
[EventDate "2023.05.22"]
[EventType "k.o."]

1. Nf3 d5 2. b3 c5 3. e3 a6 4. Bb2 Nc6 5. d4 Nf6 6. a3 cxd4 7. Nxd4 Qc7 8. c4 e5
9. Nxc6 bxc6 10. cxd5 cxd5 11. Nc3 Be6 12. Be2 Bd6 13. Rc1 Qe7 14. b4 O-O 15.
O-O Rfd8 16. Na4 a5 17. Nc5 Bf5 18. Na6 d4 19. exd4 e4 20. b5 Nd5 21. g3 Qg5 22.
Rc6 Bh3 23. Bc1 e3 24. Re1 Bxa3 25. Bf3 Bxc1 26. Rxc1 exf2+ 27. Kxf2 Nf6 28. Rc5
Qh6 29. Qc1 1-0

[Event "ChessKid Cup Div 3 L"]
[Site "chess.com INT"]
[Date "2023.05.22"]
[Round "1.1"]
[White "Paravyan, David"]
[Black "Bluebaum, Matthias"]
[Result "0-1"]
[WhiteTitle "GM"]
[BlackTitle "GM"]
[WhiteElo "2601"]
[BlackElo "2669"]
[WhiteFideId "4194985"]
[BlackFideId "24651516"]
[EventDate "2023.05.22"]
[EventType "k.o."]

1. e4 e6 2. d4 d5 3. Nd2 c5 4. Ngf3 Nf6 5. e5 Nfd7 6. c3 Nc6 7. Bd3 f6 8. exf6
Nxf6 9. O-O cxd4 10. cxd4 Bd6 11. Re1 O-O 12. Nf1 Qb6 13. Ng3 Ng4 14. h3 Nxf2
15. Kxf2 Nxd4 16. Re3 e5 17. Ke1 e4 18. Nxe4 dxe4 19. Bc4+ Kh8 20. Qxd4 Bg3+ 21.
Kd2 Rd8 22. Bd5 exf3 23. Qd3 Bf4 24. Kc2 Qc5+ 25. Bc4 Bf5 0-1

[Event "ChessKid Cup Div 3 L"]
[Site "chess.com INT"]
[Date "2023.05.22"]
[Round "1.2"]
[White "Bluebaum, Matthias"]
[Black "Paravyan, David"]
[Result "1-0"]
[WhiteTitle "GM"]
[BlackTitle "GM"]
[WhiteElo "2669"]
[BlackElo "2601"]
[WhiteFideId "24651516"]
[BlackFideId "4194985"]
[EventDate "2023.05.22"]
[EventType "k.o."]

1. d4 Nf6 2. c4 g6 3. Nc3 d5 4. cxd5 Nxd5 5. e4 Nxc3 6. bxc3 Bg7 7. Nf3 c5 8.
Bb5+ Nc6 9. O-O O-O 10. Bxc6 bxc6 11. Ba3 cxd4 12. cxd4 Bg4 13. Bc5 Re8 14. Rc1
Qd7 15. h3 Bxf3 16. Qxf3 Bxd4 17. Rfd1 e5 18. Bxd4 exd4 19. Rc4 Rad8 20. Qd3 Qe6
21. Rxd4 Rxd4 22. Qxd4 Qxa2 23. Ra1 Qe2 24. f3 a5 25. Qa7 Rd8 26. Rxa5 Qb2 27.
Qc5 h6 28. Qe5 Qb6+ 29. Kh2 Rc8 30. Rc5 Qd8 31. Qc3 Qd6+ 32. e5 Qe6 33. f4 h5
34. Qc4 Qxc4 35. Rxc4 c5 36. g4 hxg4 37. hxg4 Kf8 38. Kg3 Ke7 39. f5 g5 40. Kf3
Kd7 41. Ke4 Kc6 42. e6 f6 43. Ra4 Kb5 44. Ra7 c4 45. e7 c3 46. Rc7 Rxc7 47.
e8=Q+ Kc5 48. Kd3 Kb6 49. Qb8+ 1-0

[Event "ChessKid Cup Div 3 L"]
[Site "chess.com INT"]
[Date "2023.05.22"]
[Round "1.1"]
[White "Bachmann, Axel"]
[Black "Narayanan, Srinath"]
[Result "1-0"]
[WhiteTitle "GM"]
[BlackTitle "GM"]
[WhiteElo "2604"]
[BlackElo "2559"]
[WhiteFideId "3700488"]
[BlackFideId "5018420"]
[EventDate "2023.05.22"]
[EventType "k.o."]

1. Nf3 d5 2. e3 Nf6 3. c4 e6 4. b3 c5 5. Bb2 Nc6 6. cxd5 exd5 7. Bb5 Be7 8. O-O
O-O 9. d4 Bg4 10. Be2 Rc8 11. dxc5 Bxc5 12. Nc3 Re8 13. h3 Bh5 14. Rc1 Bb6 15.
Nh4 Bxe2 16. Nxe2 Ne4 17. Nf5 Qg5 18. Nfd4 Bc7 19. Nf3 Qh5 20. Nf4 Bxf4 21. exf4
Qf5 22. b4 a6 23. a4 Nd6 24. Rc5 Nc4 25. Rxd5 Qxf4 26. Bc1 Qe4 27. Re1 Qb1 28.
Rxe8+ Rxe8 29. b5 axb5 30. axb5 Ne7 31. Rd8 Kf8 32. Ng5 f6 33. Ne6+ Kf7 34. Rxe8
Kxe8 35. Nc7+ Kf7 36. Qh5+ Qg6 37. Qe2 Ne5 38. Qa2+ Kf8 39. Qa8+ 1-0

[Event "ChessKid Cup Div 3 L"]
[Site "chess.com INT"]
[Date "2023.05.22"]
[Round "1.2"]
[White "Narayanan, Srinath"]
[Black "Bachmann, Axel"]
[Result "0-1"]
[WhiteTitle "GM"]
[BlackTitle "GM"]
[WhiteElo "2559"]
[BlackElo "2604"]
[WhiteFideId "5018420"]
[BlackFideId "3700488"]
[EventDate "2023.05.22"]
[EventType "k.o."]

1. d4 Nf6 2. Nf3 e6 3. c4 Bb4+ 4. Nbd2 b6 5. g3 Bb7 6. Bg2 O-O 7. O-O d5 8. Qc2
Nbd7 9. a3 Be7 10. b4 c5 11. bxc5 bxc5 12. Rb1 Qc8 13. cxd5 Bxd5 14. e4 Bb7 15.
d5 exd5 16. e5 Ne4 17. Re1 Rb8 18. Nxe4 dxe4 19. Ng5 Bxg5 20. Bxg5 Nxe5 21. Bf4
Nd3 22. Bxb8 Nxe1 23. Qb2 Qxb8 24. Bxe4 Bxe4 25. Qxb8 Nf3+ 26. Kg2 Nd2+ 27. f3
Bxb1 28. Qxa7 c4 29. Qc7 Bd3 30. a4 Re8 31. a5 h5 32. Qc6 Re2+ 33. Kh3 Nf1 34.
Kh4 Rxh2+ 35. Kg5 f6+ 0-1

[Event "ChessKid Cup Div 3 L"]
[Site "chess.com INT"]
[Date "2023.05.22"]
[Round "1.1"]
[White "Iturrizaga Bonelli, Eduardo"]
[Black "Donchenko, Alexander"]
[Result "0-1"]
[WhiteTitle "GM"]
[BlackTitle "GM"]
[WhiteElo "2637"]
[BlackElo "2669"]
[WhiteFideId "3901211"]
[BlackFideId "24603295"]
[EventDate "2023.05.22"]
[EventType "k.o."]

1. Nf3 Nf6 2. c4 e6 3. g3 d5 4. d4 Bb4+ 5. Bd2 Be7 6. Bg2 O-O 7. O-O Nbd7 8. Bc3
b6 9. Nbd2 Bb7 10. Rc1 c5 11. b3 Rc8 12. Bb2 Rc7 13. a3 dxc4 14. Nxc4 Qa8 15.
Qd2 Rfc8 16. Qf4 Nd5 17. Qg4 N5f6 18. Qh3 h6 19. Rfd1 Be4 20. dxc5 Rxc5 21. Qh4
b5 22. Rxd7 Nxd7 23. Qxe7 bxc4 24. Qxd7 c3 25. Rxc3 Rxc3 26. Bxc3 Rxc3 27. Ne5
Rc1+ 28. Bf1 Qd5 29. Qxf7+ Kh7 30. Nf3 Bxf3 31. Qxf3 Qxf3 32. exf3 Rb1 33. b4
Ra1 34. Kg2 Kg6 35. f4 Rxa3 36. b5 Kf6 37. Be2 Ke7 38. h4 Kd6 39. g4 Kc5 40. g5
Rb3 41. Bg4 Kd5 42. Be2 Kc5 43. Bg4 Rxb5 44. Bxe6 a5 45. f5 hxg5 46. hxg5 a4 47.
Kf3 Kd6 48. Ba2 Rxf5+ 0-1

[Event "ChessKid Cup Div 3 L"]
[Site "chess.com INT"]
[Date "2023.05.22"]
[Round "1.2"]
[White "Donchenko, Alexander"]
[Black "Iturrizaga Bonelli, Eduardo"]
[Result "1-0"]
[WhiteTitle "GM"]
[BlackTitle "GM"]
[WhiteElo "2669"]
[BlackElo "2637"]
[WhiteFideId "24603295"]
[BlackFideId "3901211"]
[EventDate "2023.05.22"]
[EventType "k.o."]

1. d4 Nf6 2. Nf3 c5 3. c3 Qb6 4. g3 g6 5. Bg2 Bg7 6. O-O O-O 7. Qb3 d6 8. Nbd2
Be6 9. dxc5 Qa6 10. c4 dxc5 11. Ng5 Bc8 12. Nde4 Nfd7 13. Be3 h6 14. Nf3 b6 15.
Nc3 Nc6 16. Rad1 Na5 17. Qb5 Qxb5 18. cxb5 Nc4 19. Bc1 Rb8 20. Nd5 Re8 21. b3
Nd6 22. Nxe7+ Rxe7 23. Rxd6 Rxe2 24. Rfd1 Nf8 25. Rd8 Bf6 26. Bxh6 Bxd8 27. Rxd8
Rxa2 28. h4 Ra8 29. Rxf8+ Kh7 1-0

[Event "ChessKid Cup Div 3 L"]
[Site "chess.com INT"]
[Date "2023.05.22"]
[Round "1.1"]
[White "Tang, Andrew"]
[Black "Santos Ruiz, Miguel"]
[Result "0-1"]
[WhiteTitle "GM"]
[BlackTitle "GM"]
[WhiteElo "2523"]
[BlackElo "2590"]
[WhiteFideId "2059630"]
[BlackFideId "22291482"]
[EventDate "2023.05.22"]
[EventType "k.o."]

1. d4 Nf6 2. Nf3 d5 3. Bf4 e6 4. e3 c5 5. Nbd2 Qb6 6. Rb1 Bd7 7. c3 Bb5 8. Bxb5+
Qxb5 9. a4 Qa6 10. dxc5 Bxc5 11. b4 Be7 12. b5 Qa5 13. O-O O-O 14. Qc2 Nbd7 15.
Ra1 Rfc8 16. Rfc1 Nc5 17. h3 a6 18. c4 Qd8 19. Nd4 Nce4 20. Nxe4 Nxe4 21. Qe2
Bf6 22. bxa6 bxa6 23. Bh2 dxc4 24. Rxc4 Nc3 25. Qd3 Rxc4 26. Qxc4 Bxd4 27. exd4
Qc8 28. Qd3 Qc6 29. a5 Rd8 30. Be5 f6 31. Bg3 Rxd4 32. Qe3 e5 33. Kh2 Nd5 34.
Qb3 h5 35. f3 Kh7 36. Qb1+ Kh6 37. Bf2 Rd2 38. Be1 Rc2 39. Qd1 Rxg2+ 40. Kh1 Nf4
41. Bd2 Rg3 0-1

[Event "ChessKid Cup Div 3 L"]
[Site "chess.com INT"]
[Date "2023.05.22"]
[Round "1.2"]
[White "Santos Ruiz, Miguel"]
[Black "Tang, Andrew"]
[Result "1/2-1/2"]
[WhiteTitle "GM"]
[BlackTitle "GM"]
[WhiteElo "2590"]
[BlackElo "2523"]
[WhiteFideId "22291482"]
[BlackFideId "2059630"]
[EventDate "2023.05.22"]
[EventType "k.o."]

1. e4 e5 2. Nf3 Nc6 3. Bc4 Nf6 4. d3 h6 5. c3 d6 6. a4 g5 7. Qb3 Qe7 8. a5 Bg7
9. Nbd2 O-O 10. Nf1 Bd7 11. Qc2 Be6 12. Ne3 Qd7 13. a6 Bxc4 14. dxc4 b6 15. O-O
Ne7 16. Rd1 Qc6 17. Nd2 Rae8 18. f3 Qd7 19. Ndf1 Qc8 20. Ng3 Nd7 21. b4 Nb8 22.
Qa4 Kh7 23. Nef5 Ng6 24. Nh5 Bh8 25. c5 dxc5 26. bxc5 Re6 27. Be3 Nf4 28. Nxf4
gxf4 29. Bf2 Bf6 30. Qc4 Rg8 31. g4 fxg3 32. hxg3 Nc6 33. Kg2 Ne7 34. cxb6 cxb6
35. Qxc8 Rxc8 36. Rd7 Nxf5 37. exf5 Re7 38. Rd6 Bg5 39. c4 Rec7 40. Ra4 Be7 41.
Rd5 f6 42. Ra1 Kg8 43. Be3 Bf8 44. g4 Rh7 45. Rc1 h5 46. gxh5 Rxh5 47. Rd7 Rh7
48. Rxh7 Kxh7 49. Rd1 Rc7 50. Rd8 Be7 51. Rb8 Kg7 52. Rb7 Rxb7 53. axb7 Bd6 54.
Kf2 Kf7 55. Ke2 Bb8 56. c5 bxc5 57. Bxc5 Ke8 58. Kd3 Kd7 59. Kc4 a6 60. Bf8 Bc7
61. Kc5 a5 62. Kb5 a4 63. Kxa4 Kc6 64. Be7 Kxb7 65. Bxf6 Kc6 66. Bxe5 1/2-1/2

[Event "ChessKid Cup Div 3 L"]
[Site "chess.com INT"]
[Date "2023.05.22"]
[Round "1.1"]
[White "Iniyan, P"]
[Black "Raja, Harshit"]
[Result "1/2-1/2"]
[WhiteTitle "GM"]
[BlackTitle "GM"]
[WhiteElo "2525"]
[BlackElo "2515"]
[WhiteFideId "25002767"]
[BlackFideId "5089000"]
[EventDate "2023.05.22"]
[EventType "k.o."]

1. d4 Nf6 2. c4 e6 3. Nc3 Bb4 4. e3 d5 5. a3 Bxc3+ 6. bxc3 O-O 7. cxd5 exd5 8.
Bd3 c5 9. Ne2 b6 10. O-O Ba6 11. f3 Bxd3 12. Qxd3 Re8 13. Ng3 Nc6 14. Bb2 h5 15.
Rae1 h4 16. Nf5 h3 17. gxh3 Ne7 18. Ng3 Qd7 19. dxc5 b5 20. a4 a6 21. axb5 axb5
22. e4 Qxh3 23. exd5 Nexd5 24. c4 bxc4 25. Qxc4 Ne3 26. Rxe3 Rxe3 27. Bxf6 gxf6
28. c6 Qe6 29. Qc1 Rea3 30. Ne4 f5 31. Ng3 Ra1 32. Qf4 Qxc6 33. Nxf5 Qb6+ 34.
Kg2 Qg6+ 35. Qg4 R8a2+ 36. Rf2 Qxg4+ 37. fxg4 Rxf2+ 38. Kxf2 Ra3 39. h4 Kh7 40.
h5 f6 41. Kg2 Kg8 42. Nh4 Kg7 43. Nf3 Kh6 44. Kg3 Ra4 45. Nh4 Rb4 46. Nf3 Ra4
47. Nh4 Ra5 48. Kf4 Ra4+ 49. Kf5 Rb4 50. Ng2 Rb2 51. Nf4 Rf2 52. Ke4 Rf1 53. Ne6
Re1+ 54. Kf5 Rf1+ 55. Ke4 Rf2 56. Ke3 Rf1 57. Ke4 1/2-1/2

[Event "ChessKid Cup Div 3 L"]
[Site "chess.com INT"]
[Date "2023.05.22"]
[Round "1.2"]
[White "Raja, Harshit"]
[Black "Iniyan, P"]
[Result "1-0"]
[WhiteTitle "GM"]
[BlackTitle "GM"]
[WhiteElo "2515"]
[BlackElo "2525"]
[WhiteFideId "5089000"]
[BlackFideId "25002767"]
[EventDate "2023.05.22"]
[EventType "k.o."]

1. e4 c5 2. Nf3 d6 3. d4 cxd4 4. Nxd4 Nf6 5. Nc3 a6 6. Bg5 e6 7. Qe2 Nbd7 8. g3
Qc7 9. Bg2 h6 10. Bd2 Ne5 11. f4 Nc4 12. O-O-O Be7 13. Kb1 Rb8 14. Bc1 Nd7 15.
Nf5 Bf6 16. Qxc4 Qxc4 17. Nxd6+ Ke7 18. Nxc4 b5 19. Nd6 1-0

[Event "ChessKid Cup Div 3 L"]
[Site "chess.com INT"]
[Date "2023.05.22"]
[Round "1.1"]
[White "Navara, David"]
[Black "Gadimbayli, Abdulla"]
[Result "1-0"]
[WhiteTitle "GM"]
[BlackTitle "GM"]
[WhiteElo "2678"]
[BlackElo "2500"]
[WhiteFideId "309095"]
[BlackFideId "13404938"]
[EventDate "2023.05.22"]
[EventType "k.o."]

1. d4 d5 2. c4 e5 3. dxe5 d4 4. Nf3 Nc6 5. a3 Nge7 6. b4 Ng6 7. Bb2 a5 8. b5
Ncxe5 9. Nxe5 Nxe5 10. Bxd4 Nxc4 11. e3 Be6 12. Be2 Be7 13. Qc2 Nd6 14. Nc3 O-O
15. O-O Re8 16. Rad1 Bf6 17. Bxf6 Qxf6 18. Nd5 Bxd5 19. Rxd5 Re7 20. Rc5 Ne8 21.
Rd1 g6 22. Bf3 Rb8 23. Rcd5 b6 24. Rd7 Rxd7 25. Rxd7 Rd8 26. Rxd8 Qxd8 27. Bc6
Nd6 28. g3 Qf6 29. Kg2 Qe5 30. a4 Kg7 31. Qb3 Qc5 32. Bd5 h5 33. Qb2+ f6 34. Ba2
Qb4 35. Qc2 Qe4+ 36. Qxe4 Nxe4 37. Bb3 f5 38. h4 Kf6 39. f3 Nc5 40. Bc2 Nd7 41.
Kf2 Nc5 42. g4 fxg4 43. fxg4 hxg4 44. Kg3 Nd7 45. Kxg4 Ne5+ 46. Kf4 Nf7 47. Ke4
Nh6 48. Kd5 Ng4 49. Kc6 Nxe3 50. Bb3 Nf5 51. Kxc7 Nxh4 52. Kxb6 Nf5 53. Kxa5 Ke5
54. Bc2 Ne7 55. b6 Kd6 56. Be4 g5 57. Bf3 g4 58. Bxg4 Nc6+ 59. Kb5 Nd4+ 60. Ka6
Nc6 61. Bf3 Nb8+ 62. Kb5 Nd7 63. a5 1-0

[Event "ChessKid Cup Div 3 L"]
[Site "chess.com INT"]
[Date "2023.05.22"]
[Round "1.2"]
[White "Gadimbayli, Abdulla"]
[Black "Navara, David"]
[Result "0-1"]
[WhiteTitle "GM"]
[BlackTitle "GM"]
[WhiteElo "2500"]
[BlackElo "2678"]
[WhiteFideId "13404938"]
[BlackFideId "309095"]
[EventDate "2023.05.22"]
[EventType "k.o."]

1. e4 e5 2. Nf3 Nc6 3. Bb5 Nf6 4. O-O Nxe4 5. Re1 Nd6 6. Bf1 Be7 7. Nc3 e4 8.
Nxe4 Nxe4 9. Rxe4 d5 10. Re1 Bg4 11. h3 Bh5 12. d4 Bxf3 13. Qxf3 Nxd4 14. Qg4
Ne6 15. Bd3 O-O 16. Bf5 Nc5 17. Bh6 Bf6 18. Rad1 c6 19. Be3 b6 20. b4 Na4 21.
Bd7 Nb2 22. Bxc6 Nxd1 23. Rxd1 Rc8 24. Bxd5 Qe7 25. Bb3 Rfd8 26. Re1 Bc3 27. Bd2
Qf8 28. Bxc3 Rxc3 29. Re5 Rc7 30. Qf4 Re7 31. Rf5 g6 32. Rf6 Qe8 33. Kh2 Qd7 34.
g3 Qb7 35. b5 Rd1 36. Rc6 Qd7 37. c3 Rh1+ 38. Kxh1 Qxh3+ 0-1

[Event "ChessKid Cup Div 3 L"]
[Site "chess.com INT"]
[Date "2023.05.23"]
[Round "2.1"]
[White "Bok, Benjamin"]
[Black "Vaibhav, Suri"]
[Result "1-0"]
[WhiteTitle "GM"]
[BlackTitle "GM"]
[WhiteElo "2607"]
[BlackElo "2595"]
[WhiteFideId "1017063"]
[BlackFideId "5045185"]
[EventDate "2023.05.22"]
[EventType "k.o."]

1. c4 e6 2. g3 d5 3. Bg2 Nf6 4. Nf3 dxc4 5. Qa4+ Nbd7 6. Qxc4 c5 7. d3 a6 8. Qb3
Ra7 9. O-O b6 10. a4 Bb7 11. Na3 Be7 12. Nc4 O-O 13. e4 Bc6 14. h3 h6 15. Be3
Rb7 16. Rfd1 Qa8 17. Nfe5 Nxe5 18. Nxe5 Be8 19. d4 cxd4 20. Bxd4 b5 21. a5 Rc7
22. Bb6 Rc8 23. Ng6 fxg6 24. Qxe6+ Bf7 25. Qxe7 Rfe8 26. Qa3 Nxe4 27. Rd7 Qc6
28. Rad1 Qc2 29. Qf3 Nf6 30. Ra7 Bc4 31. Kh2 Rf8 32. Qb7 Bf7 33. Re1 Rb8 34.
Qxa6 Qxb2 35. Ree7 Rbe8 36. Qb7 Qb3 37. a6 Rxe7 38. Qxe7 Nd5 39. Qd6 Nxb6 40.
Qxb6 b4 41. Rc7 Bd5 42. Qd4 Bf7 43. a7 Qa3 44. Rxf7 Kxf7 45. Bd5+ Ke7 46. Qe5+
Kd7 47. Qe6+ Kc7 48. Qc6+ Kd8 49. a8=Q+ 1-0

[Event "ChessKid Cup Div 3 L"]
[Site "chess.com INT"]
[Date "2023.05.23"]
[Round "2.2"]
[White "Vaibhav, Suri"]
[Black "Bok, Benjamin"]
[Result "0-1"]
[WhiteTitle "GM"]
[BlackTitle "GM"]
[WhiteElo "2595"]
[BlackElo "2607"]
[WhiteFideId "5045185"]
[BlackFideId "1017063"]
[EventDate "2023.05.22"]
[EventType "k.o."]

1. e4 e5 2. Nf3 Nc6 3. Bc4 Bc5 4. Nc3 Nf6 5. d3 d6 6. Na4 Bb6 7. Nxb6 axb6 8. a4
O-O 9. O-O h6 10. h3 Re8 11. Re1 Be6 12. Bb5 Bd7 13. Be3 Ne7 14. c3 Ng6 15. Nd2
d5 16. Bxd7 Qxd7 17. f3 Nh5 18. d4 Nhf4 19. Qc2 Re6 20. Nf1 Rae8 21. Qd2 Nxh3+
22. gxh3 Nh4 23. Qf2 Rg6+ 24. Kh2 Rg2+ 25. Qxg2 Nxg2 26. Kxg2 exd4 27. Bxd4 dxe4
28. fxe4 c5 29. Bf2 Qc6 30. Ng3 f5 31. Be3 Rxe4 32. Nxe4 Qxe4+ 33. Kg3 Qc2 34.
a5 g5 35. Bf2 Qxb2 36. axb6 Qxb6 37. Rad1 Qc7+ 38. Kg2 Qc6+ 39. Kg1 Kf7 40. Re5
f4 41. Rxc5 Qf3 42. Rd6 Qxh3 43. Rc7+ Ke8 44. Rh7 f3 0-1

[Event "ChessKid Cup Div 3 L"]
[Site "chess.com INT"]
[Date "2023.05.23"]
[Round "2.1"]
[White "Kamsky, Gata"]
[Black "Terry, Renato"]
[Result "1/2-1/2"]
[WhiteTitle "GM"]
[BlackTitle "IM"]
[WhiteElo "2665"]
[BlackElo "2520"]
[WhiteFideId "2000024"]
[BlackFideId "3803457"]
[EventDate "2023.05.22"]
[EventType "k.o."]

1. e4 e6 2. d4 d5 3. Nc3 Bb4 4. e5 c5 5. a3 Bxc3+ 6. bxc3 Qa5 7. Bd2 Qa4 8. Qb1
c4 9. Ne2 Nc6 10. Nf4 g6 11. Be2 Nge7 12. O-O Bd7 13. Qc1 h6 14. Nh3 Ng8 15. Re1
O-O-O 16. Bd1 Rf8 17. Rb1 Kb8 18. Nf4 Ka8 19. Bf3 Nge7 20. Bg4 Rh7 21. Re3 Rfh8
22. Qb2 b6 23. Rg3 Bc8 24. Re1 Bd7 25. Qc1 Bc8 26. Ne2 Bd7 27. Rh3 Ng8 28. Rf3
Nge7 29. Rh3 Ng8 30. Nf4 Nge7 31. Rg3 Bc8 32. h4 Bd7 33. Rf1 Bc8 34. Bh3 Nd8 35.
Re1 Ndc6 36. Bg4 Bd7 37. Rh3 Nd8 38. Ne2 h5 39. Bf3 Nf5 40. Bg5 Nc6 41. Nf4 Qa5
42. Be2 Re8 43. Bf6 Nce7 44. Rd1 Ng8 45. Bg5 Ngh6 46. Qb2 Ba4 47. Rb1 Rc8 48.
Rf3 Ng4 49. Rh3 Rf8 50. Rc1 Ngh6 51. Bf3 Rc8 52. Rh1 Kb8 53. g3 Qb5 54. Qxb5
Bxb5 55. Kg2 Ba4 56. Nh3 Ng8 57. Be2 Kc7 58. f3 Kd7 59. Kf2 Rf8 60. g4 Nfe7 61.
Kg3 f6 62. exf6 Nxf6 63. Bxf6 Rxf6 64. Ng5 Rh8 65. Rhe1 Nc6 66. Bf1 Re8 67. Bh3
Kd6 68. Re2 e5 69. Rce1 Re7 70. dxe5+ Rxe5 71. Rxe5 Nxe5 72. gxh5 gxh5 73. f4
Ng6 74. f5 Ne7 75. Nh7 Rf7 76. Re6+ Kc5 77. Ng5 Nxf5+ 78. Kf4 Rf8 79. Bxf5 Bxc2
80. Re5 Rxf5+ 81. Rxf5 Bxf5 82. Kxf5 Kb5 83. Ke5 Ka4 84. Kxd5 Kb3 85. Ne4 b5 86.
Kc5 a6 87. Kb6 Kxa3 88. Kxa6 b4 89. cxb4 Kxb4 90. Kb6 c3 91. Nxc3 Kxc3 92. Kc5
Kb3 93. Kd5 Kb4 94. Ke5 Kc5 95. Kf5 Kd6 96. Kg5 Ke7 97. Kxh5 Kf7 98. Kg5 Kg8 99.
h5 Kh8 100. h6 Kg8 101. h7+ Kxh7 1/2-1/2

[Event "ChessKid Cup Div 3 L"]
[Site "chess.com INT"]
[Date "2023.05.23"]
[Round "2.2"]
[White "Terry, Renato"]
[Black "Kamsky, Gata"]
[Result "1/2-1/2"]
[WhiteTitle "IM"]
[BlackTitle "GM"]
[WhiteElo "2520"]
[BlackElo "2665"]
[WhiteFideId "3803457"]
[BlackFideId "2000024"]
[EventDate "2023.05.22"]
[EventType "k.o."]

1. d4 Nf6 2. Bg5 d5 3. e3 e6 4. Bd3 c5 5. c3 Be7 6. Nd2 Nbd7 7. Ngf3 Qc7 8. Qe2
b6 9. O-O Bb7 10. Rac1 c4 11. Bb1 O-O 12. Rfe1 Rfe8 13. e4 dxe4 14. Nxe4 Nxe4
15. Bxe4 Bxe4 16. Qxe4 Bxg5 17. Nxg5 Nf6 18. Qh4 Rad8 19. Re5 h6 20. Nf3 Rd5 21.
Rce1 b5 22. g4 Rxe5 23. Rxe5 Nd7 24. Re3 Qf4 25. Qg3 Qxg3+ 26. hxg3 Nf6 27. g5
Nd5 28. Re2 hxg5 29. Nxg5 Rb8 30. a3 a5 31. Ne4 b4 32. axb4 axb4 33. Rc2 b3 34.
Re2 Ra8 35. Nd6 Ra4 36. f4 g6 37. Kf2 Kf8 38. Kf3 Ke7 39. Ne4 Ra2 40. g4 Ra1 41.
f5 gxf5 42. gxf5 Rf1+ 43. Nf2 Rc1 44. fxe6 fxe6 45. Ne4 Rc2 46. Rf2 e5 47. dxe5
Ke6 48. Nd6 Nxc3 49. Nxc4 Ne4 50. Kxe4 Rxf2 51. Kd4 Rc2 52. Kd3 Rh2 53. Na5 Rxb2
54. Kc3 Rh2 55. Nxb3 Kxe5 56. Nd2 Kd5 57. Kd3 Rh3+ 58. Ke2 Ra3 59. Nf3 Ke4 60.
Nd2+ Kf4 61. Nc4 Rc3 62. Nd2 Re3+ 63. Kf2 Re8 64. Nf3 Rh8 65. Ke2 Re8+ 66. Kf2
Ra8 67. Ke2 Ra3 68. Nd2 Rh3 69. Nc4 Rb3 70. Nd2 Rc3 71. Nb1 Re3+ 72. Kd2 Rh3 73.
Nc3 Ke5 74. Ne2 Ke4 75. Nc3+ Kd4 76. Ne2+ Kc4 77. Nf4 Rg3 78. Ne2 Rd3+ 79. Ke1
Ra3 80. Kd2 Rf3 81. Ng1 1/2-1/2

[Event "ChessKid Cup Div 3 L"]
[Site "chess.com INT"]
[Date "2023.05.23"]
[Round "2.3"]
[White "Terry, Renato"]
[Black "Kamsky, Gata"]
[Result "1/2-1/2"]
[WhiteTitle "IM"]
[BlackTitle "GM"]
[WhiteElo "2520"]
[BlackElo "2665"]
[WhiteFideId "3803457"]
[BlackFideId "2000024"]
[EventDate "2023.05.22"]
[EventType "k.o."]

1. Nf3 Nf6 2. d4 g6 3. Bg5 Bg7 4. c3 d6 5. Nbd2 O-O 6. e4 c5 7. dxc5 dxc5 8. Bc4
Nc6 9. Qe2 Qc7 10. O-O h6 11. Bxf6 exf6 12. Nh4 Kh8 13. f4 Bd7 14. Rad1 Rae8 15.
Qf2 Ne7 16. f5 b5 17. Bd3 c4 18. Bc2 g5 19. Nhf3 Nc6 20. Rfe1 Rg8 21. Nf1 Bf8
22. Ng3 Ne5 23. Kh1 Bc5 24. Qe2 Nxf3 25. Qxf3 g4 26. Qe2 Bc6 27. b3 Rg5 28. Nf1
h5 29. bxc4 b4 30. Qd2 a5 31. Ne3 Qe5 32. Nd5 h4 33. cxb4 Bd6 34. Nf4 Bxb4 35.
Nd3 Bxd2 36. Nxe5 Rxe5 37. Rxd2 Rgxf5 38. Kg1 Rf4 39. Re3 Kg7 40. g3 hxg3 41.
hxg3 Rf3 42. Rxf3 gxf3 43. Kf2 Bxe4 44. Bxe4 Rxe4 45. Rc2 Kf8 46. Kxf3 Rd4 47.
c5 Ke7 48. c6 Kd8 49. Ke3 Rg4 50. Kf3 Ra4 51. c7+ Kc8 52. g4 Rb4 53. Kg3 a4 54.
Rc6 Rb2 55. Rxf6 Rxa2 56. Rxf7 a3 1/2-1/2

[Event "ChessKid Cup Div 3 L"]
[Site "chess.com INT"]
[Date "2023.05.23"]
[Round "2.1"]
[White "Keymer, Vincent"]
[Black "Bluebaum, Matthias"]
[Result "1-0"]
[WhiteTitle "GM"]
[BlackTitle "GM"]
[WhiteElo "2700"]
[BlackElo "2669"]
[WhiteFideId "12940690"]
[BlackFideId "24651516"]
[EventDate "2023.05.22"]
[EventType "k.o."]

1. c4 e5 2. g3 Nf6 3. Bg2 c6 4. d4 Bb4+ 5. Bd2 Bxd2+ 6. Qxd2 d6 7. Nc3 O-O 8.
Rd1 Qe7 9. b3 h6 10. dxe5 dxe5 11. Qd6 Qxd6 12. Rxd6 Re8 13. Nf3 Bf5 14. O-O Na6
15. Rfd1 Nc5 16. Nh4 Bh7 17. b4 Nce4 18. Nxe4 Nxe4 19. Bxe4 Bxe4 20. f3 Bh7 21.
Rd7 g5 22. Ng2 a5 23. b5 cxb5 24. cxb5 Rac8 25. Ne3 Rb8 26. R1d6 Kg7 27. Rb6
Red8 28. Rxd8 Rxd8 29. Nc4 e4 30. Rxb7 exf3 31. exf3 Rd1+ 32. Kf2 Ra1 33. a3 Bd3
34. Ne5 Bg6 35. Ra7 Ra2+ 36. Ke3 Rxa3+ 37. Kd4 a4 38. b6 Rb3 39. b7 g4 40. fxg4
a3 41. Nc6 Rd3+ 42. Kc4 Rd6 43. Kc5 1-0